Little Masterpieces of Science : (Record no. 258496)
[ view plain ]
| 000 -LEADER | |
|---|---|
| fixed length control field | 01173cam a22002413a 4500 |
| 001 - CONTROL NUMBER | |
| control field | 29241 |
| 003 - CONTROL NUMBER IDENTIFIER | |
| control field | PGUSA |
| 005 - DATE AND TIME OF LATEST TRANSACTION | |
| control field | 20140828083631.0 |
| 008 - FIXED-LENGTH DATA ELEMENTS--GENERAL INFORMATION | |
| fixed length control field | 090625s2009||||xxu|||||s|||||000 | eng d |
| 040 ## - CATALOGING SOURCE | |
| Original cataloging agency | PGUSA |
| Language of cataloging | eng |
| 042 ## - AUTHENTICATION CODE | |
| Authentication code | dc |
| 050 #4 - LIBRARY OF CONGRESS CALL NUMBER | |
| Classification number | T |
| 245 10 - TITLE STATEMENT | |
| Title | Little Masterpieces of Science : |
| Remainder of title | Invention and Discovery |
| Medium | [electronic resource] |
| 260 ## - PUBLICATION, DISTRIBUTION, ETC. (IMPRINT) | |
| Name of publisher, distributor, etc | Project Gutenberg, |
| Date of publication, distribution, etc | 2009 |
| 505 0# - FORMATTED CONTENTS NOTE | |
| Formatted contents note | Franklin, B. Lightning identified with electricity -- Faraday, M. Preparing the way for the electric dynamo and motor -- Henry, J. Invention of the electric telegraph -- Iles, G. The first Atlantic cables -- Bell, A. G. The invention of the telephone -- Dam, H. J. W. Photographing the unseen -- Iles, G. The wireless telegraph -- Iles, G. Electricity, what its mastery means: with a review and a prospect -- Rumford, Count (B. Thompson) Heat and motion identified -- Stephenson, G. The "Rocket" locomotive and its victory. |
| 506 ## - RESTRICTIONS ON ACCESS NOTE | |
| Terms governing access | Public domain in the USA. |
| 516 ## - TYPE OF COMPUTER FILE OR DATA NOTE | |
| Type of computer file or data note | Electronic text |
| 653 ## - INDEX TERM--UNCONTROLLED | |
| Uncontrolled term | Inventions |
| 700 1# - ADDED ENTRY--PERSONAL NAME | |
| Personal name | Iles, George, |
| Dates associated with a name | 1852-1942 |
| 830 #0 - SERIES ADDED ENTRY--UNIFORM TITLE | |
| Uniform title | Project Gutenberg |
| Volume number/sequential designation | 29241 |
| 856 40 - ELECTRONIC LOCATION AND ACCESS | |
| Uniform Resource Identifier | <a href="http://www.gutenberg.org/ebooks/29241">http://www.gutenberg.org/ebooks/29241</a> |
| 942 ## - ADDED ENTRY ELEMENTS (KOHA) | |
| Koha item type | eBooks |
| Withdrawn status | Lost status | Damaged status | Home library | Current library | Date acquired | Total Checkouts | Date last seen | Price effective from | Koha item type |
|---|---|---|---|---|---|---|---|---|---|
| Project Gutenberg | Project Gutenberg | 08/28/2014 | 08/28/2014 | 08/28/2014 | eBooks |